Whiff of a scent / (Record no. 37182)

MARC details
000 -LEADER
fixed length control field 00554nam a22001817a 4500
005 - DATE AND TIME OF LATEST TRANSACTION
control field 20100722121918.0
010 ## - LCCN (DPL NO)
LC control number ENG
020 ## - INTERNATIONAL STANDARD BOOK NUMBER
International Standard Book Number 9788174252401
Terms of availability 150.00
035 ## - SYSTEM CONTROL NUMBER
System control number EN
037 ## - SOURCE OF ACQUISITION
Source of stock number/acquisition PUB
100 ## - MAIN ENTRY--PERSONAL NAME
Personal name Mujumdar, S B
245 ## - TITLE STATEMENT
Title Whiff of a scent /
Statement of responsibility, etc by Mujumdar, S B
Medium English
260 ## - PUBLICATION, DISTRIBUTION, ETC. (IMPRINT)
Place of publication, distribution, etc Pune
Name of publisher, distributor, etc Utkarsh Prakashan
Date of publication, distribution, etc 2009
270 ## - ADDRESS
Address 685, Shivajinagar
City Pune
Postal code 411004
300 ## - PHYSICAL DESCRIPTION
Extent 96p.
Other physical details col. photos
Dimensions 22cm(pbk)
942 ## - ADDED ENTRY ELEMENTS (KOHA)
Source of classification or shelving scheme Dewey Decimal Classification
Item type English Books
Call number suffix MUJ
Holdings
Withdrawn status Lost status Not for loan Collection code Home library Current library Date acquired Source of acquisition Cost, normal purchase price Full call number Barcode Copy number Cost, replacement price Koha item type
    Not For Loan Non-fiction D.B.Act.Division D.B.Act.Division 22/07/2010 PUB 150.00 MUJ ENG 1 150.00 English Books

© Delhi Public Library
Hit Counter
free hit counter